Từ trong hoạt động giao tiếp tiếng Việt

Spremljeno u:
Bibliografski detalji
Glavni autor: Bùi Minh Toán
Format: Knjiga
Jezik:Undetermined
Izdano: Hà Nội Giáo dục 1999
Teme:
Oznake: Dodaj oznaku
Bez oznaka, Budi prvi tko označuje ovaj zapis!
Thư viện lưu trữ: Trung tâm Học liệu Trường Đại học Cần Thơ
LEADER 00576nam a2200193Ia 4500
001 CTU_37571
008 210402s9999 xx 000 0 und d
020 |b 12.600đ 
082 |a 495.9228 
082 |b T406 
100 |a Bùi Minh Toán 
245 0 |a Từ trong hoạt động giao tiếp tiếng Việt 
245 0 |c Bùi Minh Toán 
260 |a Hà Nội 
260 |b Giáo dục 
260 |c 1999 
650 |a vietnamese language - words 
904 |i Nguyễn Quang Điền, 000803 
980 |a Trung tâm Học liệu Trường Đại học Cần Thơ